3D tlačiarne biologických tkanív - budúcnosť výroby implantátov

Problematika výroby biologických tkanív prostredníctvom 3D bio-aditívnej výroby. História, používané materiály a definícia problémov, ktoré treba prekonať aby sa tento typ výroby začal používať v klinickej praxi.

Salvato in:
Dettagli Bibliografici
Autore principale: Šarik, Martin
Altri autori: Dadej, Róbert, Hudák, Radovan
Natura: Capitolo di libro
Lingua:slovacco
Soggetti:
Tags: Aggiungi Tag
Nessun Tag, puoi essere il primo ad aggiungerne!!

MARC

LEADER 00000naa a2200000 4500
001 0166378
005 20231208113435.7
041 0 |a slo 
044 |a SK 
245 1 0 |a 3D tlačiarne biologických tkanív - budúcnosť výroby implantátov  |c Martin Šarik, Róbert Dadej, Radovan Hudák 
520 |a Problematika výroby biologických tkanív prostredníctvom 3D bio-aditívnej výroby. História, používané materiály a definícia problémov, ktoré treba prekonať aby sa tento typ výroby začal používať v klinickej praxi. 
610 2 0 |a inžinierstvo génové 
610 2 0 |a bionika 
610 2 0 |a biochémia 
610 2 0 |a vedy biologické 
610 2 0 |a biotechnológia 
610 2 0 |a technológie nové 
610 2 0 |a pokrok technický 
610 2 0 |a výroba 
100 1 |a Šarik, Martin 
700 1 |a Dadej, Róbert 
700 1 |a Hudák, Radovan